| 000 | 00734nam a2200253Ia 4500 | ||
|---|---|---|---|
| 003 | OSt | ||
| 005 | 20220927105334.0 | ||
| 006 | a|||||r|||| 00| 0 | ||
| 007 | ta | ||
| 008 | 220926b |||||||| |||| 00| 0 eng d | ||
| 024 | _a190596 | ||
| 037 | _cReference Collections | ||
| 040 |
_aRTL _cRTL _beng |
||
| 041 |
_2eng _aeng |
||
| 082 | _a"X:8:(G:55).2, P6" | ||
| 100 |
_aSANDHU Sonia Chand _9371783 |
||
| 110 | _aWORLD BANK | ||
| 245 | 0 | _aManagement of environment and social issues in highway projects in India | |
| 260 |
_aWashington _bWorld Bank _c2006 |
||
| 300 |
_a167p _ccm. |
||
| 700 | _aWORLD BANK | ||
| 942 |
_h"X:8:(G:55).2, P6" _cCC |
||
| 999 |
_c691953 _d691953 |
||